| 000 | 00500nam a2200157Ia 4500 | ||
|---|---|---|---|
| 999 |
_c35403 _d35403 |
||
| 003 | OSt | ||
| 005 | 20201216121838.0 | ||
| 008 | 190216s9999||||xx |||||||||||||| ||und|| | ||
| 040 | _coclc | ||
| 082 |
_a658.314 _bKUM/H |
||
| 100 |
_aKumar, Yogesh _93334 |
||
| 245 | 0 |
_aHow To Terminate Services Of Employees For Misconducts Strikes And Gherao / _cYogesh Kumar |
|
| 260 |
_bEagle Publications, _aNew Delhi: |
||
| 300 | _a78p | ||
| 942 |
_cREF _2ddc _h658.314 _iKUM/H _k658.314 _mKUM/H |
||